| 000 | 00477nam a2200157 a 4500 | ||
|---|---|---|---|
| 001 | 000038094 | ||
| 003 | DO-SdBNP | ||
| 005 | 20250307114926.0 | ||
| 008 | 130313s1986 000 0 spa d | ||
| 040 |
_aDO-SdBNP _bspa _cBNPHU |
||
| 245 | 0 | 0 | _aSugerencias a la administración 86 - 90. |
| 260 |
_a[Santo Domingo] : _bANJE , _c1986. |
||
| 300 |
_a282 p. : ; _c21 cm. |
||
| 710 | 2 |
_aAsociación Nacional de Jóvenes Empresarios (República Dominicana) _918693 |
|
| 942 |
_2ddc _cLBS1 |
||
| 999 |
_c37584 _d37584 |
||